| 000 | 00340 a2200109 4500 | ||
|---|---|---|---|
| 001 | ART_10146 | ||
| 005 | 20260410161848.0 | ||
| 008 | 260409a | ||
| 245 | 1 | 0 | _aElasticidades de oferta de la producción agropecuaria |
| 100 | 1 | _aBeker, Víctor Alberto | |
| 773 | 0 |
_tEconómica _g- Año XV, Nº 2 (may./ago. 1969) _wREV7541 |
|
| 999 |
_c24708 _d24708 |
||